Normal view
MARC view
- Books in soils, plants, and the environment.
Entry Uniform Title
001 - CONTROL NUMBER
- control field: 6992
003 - CONTROL NUMBER IDENTIFIER
- control field: NUST
005 - DATE AND TIME OF LATEST TRANSACTION
- control field: 20171206112439.0
008 - FIXED-LENGTH DATA ELEMENTS
- fixed length control field: 171206|| aca||aabn | a|a d
040 ## - CATALOGING SOURCE
- Original cataloging agency: NUST
- Transcribing agency: NUST
130 ## - HEADING--UNIFORM TITLE
- Uniform title: Books in soils, plants, and the environment.
670 ## - SOURCE DATA FOUND
- Source citation: Work cat.: (NUST)0: Tan, Kim H. (Kim Howard), 1926- 6991, Principles of soil chemistry /, c2011.
